| 000 | 01038cam a2200277 i 4500 | ||
|---|---|---|---|
| 003 | SA-RiAUC | ||
| 005 | 20241027071841.0 | ||
| 008 | 241026s1998 ua g b 00010 ara c | ||
| 020 | _a9775324602 | ||
| 040 |
_aSA-RiIMS _bara _cSA-RiAUC _erda |
||
| 082 | 0 | 4 | _a189.1 |
| 090 |
_a189.1 _bع ر ا |
||
| 100 | 1 |
_aالعراقي، محمد عاطف، _d1935-2012 _eمؤلف. |
|
| 245 | 1 | 2 |
_aالفلسفة العربية والطريق إلى المستقبل : _bرؤية عقلية نقدية / _cعاطف العراقي. |
| 250 | _aالطبعة الأولى. | ||
| 264 | 1 |
_aالقاهرة : _bدار الرشاد، _c1998 |
|
| 300 |
_a386 صفحة ؛ _c24 سم |
||
| 336 |
_aنص _btxt _2rdacontent _3كتاب |
||
| 337 |
_aبدون وسيط _bn _2rdamedia |
||
| 338 |
_aمجلد _bnc _2rdacarrier |
||
| 504 | _aببليوجرافية : صفحة 380-381. | ||
| 650 | 7 |
_aالفلسفة الإسلامية _2aucsh |
|
| 650 | 7 |
_aالفلسفة العربية _2aucsh |
|
| 942 |
_2ddc _cBOOK _n0 |
||
| 949 |
_aSA-JeALM _d241026 _umohamedma123 _n1 |
||
| 999 |
_c1747 _d1747 |
||